[Event "Championnat de France des Jeunes - Cade"]
[Site "LA ROCHE SUR YON"]
[Date "2008.04.23"]
[Round "5.6"]
[White "Croguennoc, Laurie"]
[Black "Leriquier, Claire"]
[Result "0-1"]
[WhiteElo "1430"]
[BlackElo "1890"]
[Annotator "Salaun,Michel"]
[PlyCount "110"]
[EventDate "2008.04.24"]
[EventType "swiss"]
[EventRounds "6"]
[EventCountry "FRA"]

1. e4 e6 2. d4 d5 3. Nc3 Bb4 4. e5 c5 5. a3 cxd4 6. axb4 dxc3 7. bxc3 Qc7 8.
Qd4 Nc6 9. Bb5 Nge7 10. f4 Bd7 11. Bxc6 Nxc6 12. Qd3 O-O 13. Nf3 f6 14. exf6
Rxf6 15. O-O Ne7 16. Ng5 Rg6 17. g4 a6 18. f5 exf5 19. gxf5 Rf6 20. Bf4 Qb6+
21. Be3 Qb5 22. Ra5 Qxd3 23. cxd3 Bxf5 24. Bc5 Nc6 25. Ra2 Bxd3 26. Rxf6 gxf6
27. Ne6 Kf7 28. Nc7 Rg8+ 29. Kf2 Bc4 30. Rd2 Rd8 31. Bb6 Rd7 32. Kf3 Nd8 33.
Na8 Ne6 34. Be3 Ke8 35. Nb6 Rd8 36. Kg4 Kf7 37. Kf5 Ng7+ 38. Kf4 h5 39. Nxc4
dxc4 40. Rxd8 Ne6+ 41. Kf5 Nxd8 42. Bd4 b5 43. Bxf6 {(=)} Nb7 44. Kg5 a5 45.
bxa5 Nxa5 46. Bd4 Nb3 47. Be5 Nd2 48. Kxh5 Nf3 49. Bf4 Kf6 50. Kg4 Ne1 51. h4
Nd3 52. Be3 b4 53. Bd4+ Kg6 54. h5+ Kh7 55. Kf3 b3 0-1

[Event "Championnat de France des Jeunes - Cade"]
[Site "LA ROCHE SUR YON"]
[Date "2008.04.23"]
[Round "5.9"]
[White "Rodange, Barbara"]
[Black "Deltour, Marie"]
[Result "1-0"]
[WhiteElo "1726"]
[BlackElo "1380"]
[Annotator "Salaun,Michel"]
[PlyCount "61"]
[EventDate "2008.04.24"]
[EventType "swiss"]
[EventRounds "6"]
[EventCountry "FRA"]

1. c4 e5 2. Nc3 Nf6 3. g3 d5 4. cxd5 Nxd5 5. Nf3 Nc6 6. Bg2 Be6 7. O-O Bc5 8.
Qc2 Qd7 9. Nxd5 Bxd5 10. Qxc5 Bxf3 11. Bxf3 O-O-O 12. Bxc6 Qxc6 13. Qxc6 bxc6
14. d3 f5 15. Be3 Rd5 16. Bxa7 Rb5 17. b3 Rf8 18. Rac1 Kb7 19. Be3 f4 20. Bd2
g5 21. Rc4 Kb6 22. Rfc1 Rf6 23. Bb4 Re6 24. e4 h5 25. a4 Rxb4 26. Rxb4+ Ka5 27.
Rb7 h4 28. Rxc7 Kb4 29. R7xc6 Rxc6 30. Rxc6 Kxb3 31. a5 1-0

[Event "Championnat de France des Jeunes - Cade"]
[Site "LA ROCHE SUR YON"]
[Date "2008.04.23"]
[Round "5.10"]
[White "Labise, Ophelie"]
[Black "Mallard, Ophelie"]
[Result "1/2-1/2"]
[WhiteElo "1660"]
[BlackElo "1630"]
[Annotator "Salaun,Michel"]
[PlyCount "46"]
[EventDate "2008.04.24"]
[EventType "swiss"]
[EventRounds "6"]
[EventCountry "FRA"]

1. d4 Nf6 2. c4 g6 3. Nc3 Bg7 4. Nf3 d6 5. e4 O-O 6. Be2 e5 7. dxe5 dxe5 8.
Qxd8 Rxd8 9. Bg5 Na6 10. O-O c6 11. Rfd1 Re8 12. Rd2 Nc5 13. Bxf6 Bxf6 14. b4
Na6 15. a3 Be6 16. c5 Nc7 17. h3 Bg7 18. Ng5 Bh6 19. Nxe6 Nxe6 20. Rd7 Rab8 21.
Rad1 Red8 22. Rxd8+ Rxd8 23. Rxd8+ Nxd8 {(=)} 1/2-1/2

[Event "Championnat de France des Jeunes - Cade"]
[Site "LA ROCHE SUR YON"]
[Date "2008.04.23"]
[Round "5.7"]
[White "Vinckier, Delphine"]
[Black "Josse, Anais"]
[Result "1-0"]
[WhiteElo "1818"]
[BlackElo "1620"]
[Annotator "Salaun,Michel"]
[PlyCount "43"]
[EventDate "2008.04.24"]
[EventType "swiss"]
[EventRounds "6"]
[EventCountry "FRA"]

1. e4 e5 2. Nc3 Bc5 3. Bc4 Nc6 4. Qg4 Qf6 5. Nd5 Qg6 6. Qxg6 hxg6 7. Nxc7+ Kd8
8. Nxa8 f5 9. d3 Nd4 10. Bb3 d6 11. Ne2 Nxe2 12. Kxe2 Bd7 13. f4 Kc8 14. c3 Bc6
15. Bxg8 Rxg8 16. b4 Bxb4 17. cxb4 fxe4 18. dxe4 Bxe4 19. Rg1 Kb8 20. Nb6 axb6
21. fxe5 dxe5 22. Be3 1-0

[Event "Championnat de France des Jeunes - Cade"]
[Site "LA ROCHE SUR YON"]
[Date "2008.04.24"]
[Round "6.9"]
[White "Gallant, Jeremy"]
[Black "Nockels, Nicolas"]
[Result "0-1"]
[WhiteElo "1649"]
[BlackElo "1968"]
[Annotator "Salaun,Michel"]
[PlyCount "104"]
[EventDate "2008.04.24"]
[EventType "swiss"]
[EventRounds "6"]
[EventCountry "FRA"]

1. e4 e5 2. d4 exd4 3. Qxd4 Nc6 4. Qe3 Bb4+ 5. Nc3 Nf6 6. Bd2 d6 7. f3 O-O 8.
O-O-O Rb8 9. g4 a6 10. g5 Ne8 11. h4 b5 12. Nd5 Bxd2+ 13. Rxd2 Ne5 14. f4 Nd7
15. h5 c6 16. Nb4 Bb7 17. f5 a5 18. Nd3 Qb6 19. Qf4 c5 20. f6 c4 21. fxg7 Nxg7
22. Ne1 Ne6 23. Qxd6 Qxd6 24. Rxd6 Ndc5 25. Ngf3 Nxe4 26. Rb6 Bd5 27. Rxb8 Rxb8
28. Rg1 Nf4 29. Nh4 Nxh5 30. Nf5 Be6 31. Nd4 Nhg3 32. Nc6 Rb6 33. Nxa5 Nxf1 34.
Rxf1 Nxg5 35. Rg1 f6 36. Nf3 h6 37. Nd4 Bd7 38. b4 Kf7 39. Rd1 Bg4 40. Rg1 Bf3
41. Kd2 Be4 42. Ke3 f5 43. Rf1 Kg6 44. c3 h5 45. Nxb5 Rxb5 46. Nxc4 Rd5 47. Nb2
h4 48. Rf2 h3 49. c4 Rd8 50. Rh2 Bg2 51. Nd3 Re8+ 52. Kf2 Ne4+ 0-1

[Event "Championnat de France des Jeunes - Cade"]
[Site "LA ROCHE SUR YON"]
[Date "2008.04.24"]
[Round "6.8"]
[White "Jouneau, Quentin"]
[Black "Bourgois, Bastien"]
[Result "1-0"]
[WhiteElo "1977"]
[BlackElo "1869"]
[Annotator "Salaun,Michel"]
[PlyCount "87"]
[EventDate "2008.04.24"]
[EventType "swiss"]
[EventRounds "6"]
[EventCountry "FRA"]

1. e4 c5 2. Nf3 Nc6 3. d4 cxd4 4. Nxd4 Nf6 5. Nc3 e5 6. Ndb5 d6 7. Nd5 Nxd5 8.
exd5 Nb8 9. c4 Be7 10. Bd3 O-O 11. Be3 a6 12. Nc3 f5 13. f3 Bg5 14. Bf2 Nd7 15.
O-O b6 16. b4 Bb7 17. Qc2 g6 18. Qb3 Qc7 19. Ne2 a5 20. f4 Bf6 21. fxe5 Bxe5
22. Nd4 Bxd4 23. Bxd4 axb4 24. Qxb4 Nc5 25. Bc2 Rab8 26. Rfe1 Rfe8 27. Rab1
Rxe1+ 28. Qxe1 Ba6 29. Qh4 Qf7 30. h3 Nd7 31. Ba4 Ne5 32. Bxe5 dxe5 33. d6 Qf8
34. c5 b5 35. Bxb5 Rxb5 36. Rxb5 Bxb5 37. a4 Qc8 {(=)} 38. axb5 Qxc5+ 39. Qf2
Qxd6 40. b6 Qc6 41. Qb2 Qb7 42. Qa2+ Kf8 43. Qa7 Qc6 44. Qc7 1-0

[Event "Championnat de France des Jeunes - Cade"]
[Site "LA ROCHE SUR YON"]
[Date "2008.04.24"]
[Round "6.7"]
[White "Valles, Manuel"]
[Black "Lepigoche, Cyril"]
[Result "1/2-1/2"]
[WhiteElo "2117"]
[BlackElo "1879"]
[Annotator "Salaun,Michel"]
[PlyCount "72"]
[EventDate "2008.04.24"]
[EventType "swiss"]
[EventRounds "6"]
[EventCountry "FRA"]

1. e4 c5 2. Nf3 d6 3. d4 cxd4 4. Nxd4 Nf6 5. Nc3 g6 6. Be3 Bg7 7. f3 O-O 8. Qd2
Nc6 9. Bc4 Bd7 10. O-O-O Ne5 11. Bb3 Qa5 12. h4 Rfc8 13. h5 Nxh5 14. g4 Nf6 15.
Kb1 Nc4 16. Bxc4 Rxc4 17. Nb3 Qd8 18. Bd4 Qf8 19. Qh2 h6 20. g5 Nh5 21. Bxg7
Qxg7 22. gxh6 Qxh6 23. Nd5 Re8 24. Na5 Rcc8 25. Rdg1 b6 26. Nb3 Kf8 27. Nd4 Bc6
28. Nf5 Qh8 29. Ndxe7 Rxe7 30. Qxd6 gxf5 31. Rg5 Qe5 32. Rhxh5 f6 33. Rh8+ Kf7
34. Rh7+ Kf8 35. Rh8+ Kf7 36. Rh7+ Kf8 {(=)} 1/2-1/2

[Event "Championnat de France des Jeunes - Cade"]
[Site "LA ROCHE SUR YON"]
[Date "2008.04.24"]
[Round "6.6"]
[White "Lacour, Cedric"]
[Black "Li, Frederic"]
[Result "1/2-1/2"]
[WhiteElo "1916"]
[BlackElo "2176"]
[Annotator "Salaun,Michel"]
[PlyCount "68"]
[EventDate "2008.04.24"]
[EventType "swiss"]
[EventRounds "6"]
[EventCountry "FRA"]

1. e4 e5 2. Nf3 Nc6 3. Bb5 a6 4. Ba4 Nf6 5. O-O b5 6. Bb3 Bc5 7. a4 Rb8 8. axb5
axb5 9. d3 d6 10. h3 O-O 11. Be3 Bb6 12. c3 Ne7 13. Nh4 d5 14. Bg5 dxe4 15.
Bxf6 gxf6 16. dxe4 Qxd1 17. Rxd1 f5 18. exf5 Nxf5 19. Nxf5 Bxf5 20. Bd5 Rfd8
21. Na3 Bc5 22. g4 Bg6 23. Bc6 b4 24. Rxd8+ Rxd8 25. Nc4 bxc3 26. bxc3 f6 27.
Ra8 Rxa8 28. Bxa8 Kf7 29. Ne3 {(=)} Ke6 30. Bd5+ Kd6 31. Bb3 c6 32. Nf5+ Kd7
33. Kf1 Bb6 34. Ke2 Bxf5 {(=)} 1/2-1/2

[Event "Championnat de France des Jeunes - Cade"]
[Site "LA ROCHE SUR YON"]
[Date "2008.04.24"]
[Round "6.10"]
[White "Levitt, Olivier"]
[Black "Casier, Remi"]
[Result "1/2-1/2"]
[WhiteElo "2019"]
[BlackElo "1938"]
[Annotator "Salaun,Michel"]
[PlyCount "59"]
[EventDate "2008.04.24"]
[EventType "swiss"]
[EventRounds "6"]
[EventCountry "FRA"]

1. e4 c5 2. Nf3 d6 3. Bb5+ Bd7 4. Bxd7+ Qxd7 5. O-O Nc6 6. c3 Nf6 7. Re1 g6 8.
d4 cxd4 9. cxd4 e5 10. Nc3 Bg7 11. Nd5 exd4 12. Nxd4 O-O 13. Nxc6 bxc6 14.
Nxf6+ Bxf6 15. e5 Be7 16. Bh6 Rfd8 17. Qd4 Qe6 18. exd6 Bf6 19. Rxe6 Bxd4 20.
Re7 Bf6 21. Rc7 Rxd6 22. Bf4 Re6 23. Be3 Rae8 24. g3 a5 25. Rc1 Bxb2 26. R1xc6
Rxc6 27. Rxc6 Rd8 28. Ra6 Bc3 29. Bb6 Rd5 30. a3 {(=)} 1/2-1/2

[Event "Championnat de France des Jeunes - Cade"]
[Site "LA ROCHE SUR YON"]
[Date "2008.04.24"]
[Round "6.8"]
[White "Rascle, Adeline"]
[Black "Labise, Ophelie"]
[Result "0-1"]
[WhiteElo "1570"]
[BlackElo "1660"]
[Annotator "Salaun,Michel"]
[PlyCount "142"]
[EventDate "2008.04.24"]
[EventType "swiss"]
[EventRounds "6"]
[EventCountry "FRA"]

1. e4 c5 2. Nf3 Nc6 3. d4 cxd4 4. Nxd4 e5 5. Nf3 Nf6 6. Nc3 Bb4 7. Bc4 O-O 8.
Bg5 h6 9. Bh4 b6 10. O-O Bxc3 11. bxc3 Bb7 12. Re1 d6 13. Qe2 Rc8 14. Qd2 Na5
15. Bd3 Qe7 16. h3 Qe6 17. Bxf6 Qxf6 18. Re3 Nc4 19. Bxc4 Rxc4 20. Qe1 Rfc8 21.
Rb1 Qg6 22. Nh4 Qe6 23. Nf5 Kh7 24. Ng3 Ra4 25. Ra1 Rxa2 26. Rxa2 Qxa2 27. Qd2
Qe6 28. Rd3 Rd8 29. Qc1 Ra8 30. Qa3 d5 31. f3 dxe4 32. fxe4 Qc6 33. Qb3 Qc5+
34. Kh2 Qe7 35. Qa4 Qe6 36. Qb3 Qxb3 37. cxb3 Kg6 38. Kg1 Ba6 39. Rd6+ f6 40.
Rd7 Bb5 41. Rc7 Bd3 42. Kf2 Bc2 43. b4 a5 44. bxa5 bxa5 45. Rc4 a4 46. Ne2 a3
47. Nc1 a2 48. Nxa2 Rxa2 49. Rb4 Bxe4+ 50. Kg1 Rxg2+ 51. Kf1 Bf3 52. c4 Rc2 53.
Ke1 Kf5 54. Rb3 Kf4 55. Rb4 Kg3 56. h4 g5 57. hxg5 hxg5 58. Rb6 f5 59. Rb5 Rxc4
60. Kd2 Rd4+ 61. Kc3 Rd5 62. Rb8 e4 63. Rg8 g4 64. Rf8 f4 65. Kc4 Rd7 66. Rb8
e3 67. Rb1 e2 68. Kc3 Rd1 69. Rb3 e1=Q+ 70. Kb2 Rb1+ 71. Ka3 Qa5# 0-1

[Event "Championnat de France des Jeunes - Cade"]
[Site "LA ROCHE SUR YON"]
[Date "2008.04.24"]
[Round "6.7"]
[White "Burel, Gwenaelle"]
[Black "Rodange, Barbara"]
[Result "0-1"]
[WhiteElo "1663"]
[BlackElo "1726"]
[Annotator "Salaun,Michel"]
[PlyCount "84"]
[EventDate "2008.04.24"]
[EventType "swiss"]
[EventRounds "6"]
[EventCountry "FRA"]

1. e4 e5 2. Nf3 Nf6 3. Nxe5 d6 4. Nf3 Nxe4 5. Nc3 Nf6 6. d4 Be7 7. h3 O-O 8.
Bd3 Nc6 9. O-O d5 10. Re1 Re8 11. Ne5 Be6 12. Bb5 Bd7 13. Nxd7 Qxd7 14. Be3 Bb4
15. a3 Ba5 16. b4 Bb6 17. Na4 Ne4 18. Nxb6 axb6 19. Bd3 Na7 20. Bf4 Nb5 21.
Bxb5 Qxb5 22. Bxc7 Rec8 23. Bf4 Qc4 24. f3 Nc3 25. Qd2 Nb5 26. Re7 Nxa3 27.
Rxb7 Nxc2 28. Rxa8 Rxa8 29. Rc7 Qxd4+ 30. Qxd4 Nxd4 31. Kf2 Ne6 32. Rb7 Nxf4
33. Rxb6 Rd8 34. b5 d4 35. Rc6 d3 36. b6 d2 37. b7 d1=Q 38. Rc8 Qd6 39. h4 Nd5
40. g4 Nb6 41. b8=Q Qxb8 42. Rxb8 Rxb8 0-1

[Event "Championnat de France des Jeunes - Cade"]
[Site "LA ROCHE SUR YON"]
[Date "2008.04.24"]
[Round "6.6"]
[White "Perrusset, Barbara"]
[Black "Garma, Jovanka"]
[Result "1-0"]
[WhiteElo "1876"]
[BlackElo "1770"]
[Annotator "Salaun,Michel"]
[PlyCount "79"]
[EventDate "2008.04.24"]
[EventType "swiss"]
[EventRounds "6"]
[EventCountry "FRA"]

1. d4 d5 2. c4 c6 3. Qc2 Nf6 4. Nf3 e6 5. g3 Nbd7 6. Bg2 Be7 7. O-O dxc4 8.
Qxc4 c5 9. Nc3 a6 10. a4 b5 11. Qd3 b4 12. Ne5 Nxe5 13. dxe5 Qxd3 14. exd3 Nd5
15. Nxd5 exd5 16. Bxd5 Ra7 17. Be3 O-O 18. Rac1 Bh3 19. Rfd1 Rd8 20. Bxc5 Rxd5
21. Bxa7 h5 22. d4 a5 23. Rc7 Bd8 24. Rb7 f6 25. f4 Kh7 26. Re1 fxe5 27. fxe5
Be6 28. Rc1 Bd7 29. b3 Kg6 30. Kf2 Kf5 31. Kf3 g5 32. Rc4 g4+ 33. Ke3 h4 34.
Rc5 Be6 35. Rc2 Bg5+ 36. Kd3 Rd8 37. Rf2+ Kg6 38. Rb6 Rc8 39. Rxe6+ Kg7 40. Bc5
1-0

[Event "Championnat de France des Jeunes - Cade"]
[Site "LA ROCHE SUR YON"]
[Date "2008.04.24"]
[Round "6.10"]
[White "Hedouin, Priscillia"]
[Black "Josse, Anais"]
[Result "1-0"]
[WhiteElo "1470"]
[BlackElo "1620"]
[Annotator "Salaun,Michel"]
[PlyCount "77"]
[EventDate "2008.04.24"]
[EventType "swiss"]
[EventRounds "6"]
[EventCountry "FRA"]

1. e4 g6 2. d4 Bg7 3. Nf3 d6 4. Bc4 Nf6 5. Nc3 Nbd7 6. Qe2 e5 7. dxe5 Nxe5 8.
Nxe5 dxe5 9. Bd2 O-O 10. f3 c6 11. O-O-O b5 12. Bb3 a5 13. Bg5 Qe7 14. a4 b4
15. Nb1 Be6 16. Nd2 Rfe8 17. g4 Qc7 18. h4 h6 19. Be3 Nd7 20. Qh2 c5 21. Nc4
Qc6 22. Rd6 Qc7 23. Rhd1 Bf8 24. R6d2 Bxc4 25. Rxd7 Qc6 26. Bxc4 Qxa4 27. Bxf7+
Kh8 28. Bxe8 Rxe8 29. Qe2 Qa1+ 30. Kd2 Qxb2 31. Qc4 Bg7 32. Qf7 Rg8 33. Qb3
Qxb3 34. cxb3 Rc8 35. Rd5 c4 36. bxc4 Rxc4 37. Rc5 Rxc5 38. Bxc5 Kg8 39. Ra1
1-0

[Event "Championnat de France des Jeunes - Cade"]
[Site "LA ROCHE SUR YON"]
[Date "2008.04.24"]
[Round "6.9"]
[White "Mallard, Ophelie"]
[Black "Croguennoc, Laurie"]
[Result "1-0"]
[WhiteElo "1630"]
[BlackElo "1430"]
[Annotator "Salaun,Michel"]
[PlyCount "49"]
[EventDate "2008.04.24"]
[EventType "swiss"]
[EventRounds "6"]
[EventCountry "FRA"]

1. f4 d5 2. Nf3 Nf6 3. e3 Nc6 4. b3 e6 5. Bb2 Be7 6. Bb5 Bd7 7. Bxc6 Bxc6 8.
O-O O-O 9. Qe1 Nh5 10. g4 Nf6 11. h3 Ne4 12. d3 Bf6 13. Bxf6 Qxf6 14. Nbd2 Nc5
15. Qg3 Nd7 16. Kg2 Qc3 17. Rac1 d4 18. e4 Rae8 19. g5 Qc5 20. h4 f5 21. Rfe1
e5 22. fxe5 Nxe5 23. Nxe5 Rxe5 24. Rf1 Qa5 25. Nc4 1-0

[Event "Championnat de France des Jeunes - Benj"]
[Site "LA ROCHE SUR YON"]
[Date "2008.04.20"]
[Round "1.7"]
[White "Ferrer, Lauriane"]
[Black "Aggoune, Audessa"]
[Result "0-1"]
[WhiteElo "1420"]
[BlackElo "1750"]
[Annotator "Salaun,Michel"]
[PlyCount "126"]
[EventDate "2008.04.24"]
[EventType "swiss"]
[EventRounds "6"]
[EventCountry "FRA"]

1. e4 d5 2. exd5 Qxd5 3. Nc3 Qa5 4. d4 Nf6 5. Bd2 c6 6. Nf3 Bf5 7. Be2 e6 8.
O-O Qc7 9. Re1 Be7 10. Rc1 O-O 11. Nb1 c5 12. c4 Rd8 13. dxc5 Bxc5 14. Qb3 Bxb1
15. Rxb1 Nc6 16. Bg5 Nd4 17. Nxd4 Bxd4 18. Rbc1 Qc5 19. Be3 Ne4 20. Bxd4 Qxd4
21. Rf1 Nd2 22. Qe3 Qxe3 23. fxe3 Nxf1 24. Kxf1 Rd2 25. Rb1 Rad8 26. a3 Rc2 27.
b3 Rdd2 28. Bf3 b6 29. h3 h6 30. e4 e5 31. a4 a5 32. Ke1 Rb2 33. Rxb2 Rxb2 34.
Kd1 Rxb3 35. Kd2 Rb4 36. Kc3 Rxa4 37. Kb3 Rb4+ 38. Kc3 Kf8 39. h4 Ke7 40. h5
Kd6 41. g4 Kc5 42. Be2 Ra4 43. Kb3 Ra1 44. Kc3 Re1 45. Bd3 Rg1 46. Be2 Rg2 47.
Bd1 Rg3+ 48. Kc2 Kxc4 49. Kb2 Re3 50. Bc2 Re2 51. Kc1 Rxc2+ 52. Kxc2 b5 53. Kb2
a4 54. Ka3 b4+ 55. Kxa4 b3 56. Ka3 Kc3 57. Ka4 b2 58. Kb5 b1=Q+ 59. Kc5 Qb4+
60. Kc6 Qxe4+ 61. Kd6 Qd4+ 62. Ke7 e4 63. Kxf7 e3 0-1

[Event "Championnat de France des Jeunes - Benj"]
[Site "LA ROCHE SUR YON"]
[Date "2008.04.20"]
[Round "1.9"]
[White "Come, Perrine"]
[Black "Andre, Severine"]
[Result "0-1"]
[WhiteElo "1400"]
[BlackElo "1733"]
[Annotator "Salaun,Michel"]
[PlyCount "104"]
[EventDate "2008.04.24"]
[EventType "swiss"]
[EventRounds "6"]
[EventCountry "FRA"]

1. d4 Nf6 2. c4 e6 3. a3 Be7 4. Nc3 O-O 5. e4 d5 6. Bd3 dxe4 7. Nxe4 Qxd4 8.
Nf3 Qd8 9. Bg5 Nxe4 10. Bxe7 Qxe7 11. Bxe4 f5 12. Bc2 Nc6 13. O-O e5 14. Re1 e4
15. Nd4 Nxd4 16. Qxd4 Rd8 17. Qe3 Qf6 18. b4 b6 19. Bb3 Bb7 20. c5+ Kh8 21.
cxb6 cxb6 22. Rac1 f4 23. Qc3 Qxc3 24. Rxc3 Rac8 25. Rc4 {(=)} Rxc4 26. Bxc4 g5
27. h3 Kg7 28. g4 Kf6 29. Bb3 Rd3 30. Bg8 Rxh3 31. Rc1 Rxa3 32. Rc7 Ra1+ 33.
Kh2 Ba6 34. Rxa7 Ra4 35. Bxh7 Bb5 36. Rb7 Rxb4 37. Rxb6+ Ke5 38. Bg8 Kd4 39.
Kg2 Bf1+ 40. Kxf1 Rxb6 41. Bh7 f3 42. Ke1 Kd3 43. Bxe4+ Kxe4 44. Kd2 Rb2+ 45.
Kc3 Rxf2 46. Kc4 Rd2 47. Kc3 Rd8 48. Kc2 f2 49. Kc3 f1=Q 50. Kc2 Qc4+ 51. Kb2
Rb8+ 52. Ka3 Qa6# 0-1

[Event "Championnat de France des Jeunes - Benj"]
[Site "LA ROCHE SUR YON"]
[Date "2008.04.20"]
[Round "1.6"]
[White "Griggio, Julie"]
[Black "Amosse, Blandine"]
[Result "1/2-1/2"]
[WhiteElo "1800"]
[BlackElo "1420"]
[Annotator "Salaun,Michel"]
[PlyCount "100"]
[EventDate "2008.04.24"]
[EventType "swiss"]
[EventRounds "6"]
[EventCountry "FRA"]

1. e4 e5 2. Nf3 Nc6 3. Nc3 Bc5 4. Bb5 Nf6 5. O-O d6 6. d4 Bxd4 7. Nxd4 exd4 8.
Qxd4 O-O 9. Qe3 Ne5 10. Qg3 Nh5 11. Qg5 Qxg5 12. Bxg5 f6 13. Be3 c6 14. Ba4 Be6
15. Rfe1 a5 16. Bb3 Bxb3 17. axb3 f5 18. h3 f4 19. Bb6 g5 20. f3 Ng3 21. Ne2 h5
22. Bc7 Rf6 23. Rad1 Nf7 24. Kh2 h4 25. Rd2 Nxe2 26. Rexe2 b5 27. Re1 Ra7 28.
Bb6 Ra6 29. Bc7 c5 30. e5 dxe5 31. Bxe5 Rfe6 32. Rd5 Rac6 33. Re4 Kh7 34. c3
Nxe5 35. Rexe5 Rxe5 36. Rxe5 Kg6 37. b4 a4 38. bxc5 Kf6 39. Rd5 Kg6 40. Kg1 Kf6
41. Kf2 Ra6 42. c6 Rxc6 43. Rxb5 Rc4 44. Rb4 Rxb4 45. cxb4 Ke5 46. Ke2 Kd4 47.
Kd2 Kc4 48. Kc2 Kxb4 49. Kb1 Kb3 50. Kc1 Kb4 {(=)} 1/2-1/2

[Event "Championnat de France des Jeunes - Benj"]
[Site "LA ROCHE SUR YON"]
[Date "2008.04.20"]
[Round "1.8"]
[White "Monpeurt, Cyrielle"]
[Black "Bossmann, Sophie"]
[Result "1-0"]
[WhiteElo "1734"]
[BlackElo "1400"]
[Annotator "Salaun,Michel"]
[PlyCount "71"]
[EventDate "2008.04.24"]
[EventType "swiss"]
[EventRounds "6"]
[EventCountry "FRA"]

1. e4 e5 2. Nf3 Nc6 3. Bb5 Nf6 4. O-O Bc5 5. Re1 O-O 6. c3 Re8 7. d3 h6 8. Nbd2
d5 9. h3 Bd7 10. exd5 Nxd5 11. Bxc6 Bxc6 12. Nxe5 Bxf2+ 13. Kxf2 Qf6+ 14. Ndf3
Nb6 15. Nxc6 Qxc6 16. Bf4 Nd7 17. d4 Nf6 18. Qc2 Re6 19. Rxe6 Qxe6 20. Bxc7 Re8
21. Be5 Nd5 22. Re1 Qc6 23. a3 Ne7 24. Qe4 Qb6 25. Re2 f5 26. Qd3 g5 27. Qc4+
Kf8 28. Qb4 Qc6 29. Bd6 Qd7 30. Bxe7+ Rxe7 31. Ne5 Qc7 32. Ng6+ Kg8 33. Qxe7
Qc8 34. Qe6+ Qxe6 35. Rxe6 Kf7 36. d5 1-0

[Event "Championnat de France des Jeunes - Benj"]
[Site "LA ROCHE SUR YON"]
[Date "2008.04.20"]
[Round "1.10"]
[White "Guo, Charlotte"]
[Black "Hideur, Celine"]
[Result "1-0"]
[WhiteElo "1700"]
[BlackElo "1400"]
[Annotator "Salaun,Michel"]
[PlyCount "49"]
[EventDate "2008.04.24"]
[EventType "swiss"]
[EventRounds "6"]
[EventCountry "FRA"]

1. e4 e5 2. Nf3 Nc6 3. Bc4 Bc5 4. c3 Nf6 5. d4 exd4 6. e5 Ne4 7. Bd5 f5 8. cxd4
Nb4 9. dxc5 Nxc5 10. O-O d6 11. exd6 Qxd6 12. Re1+ Kf8 13. Bb3 Qxd1 14. Rxd1
Be6 15. Nd4 Bxb3 16. axb3 Rd8 17. Nc3 Nbd3 18. Rxd3 Nxd3 19. Ne6+ Kf7 20. Nxd8+
Rxd8 21. Bg5 Re8 22. Kf1 c6 23. Rd1 Nxb2 24. Rd2 h6 25. Be3 1-0

[Event "Championnat de France des Jeunes - Benj"]
[Site "LA ROCHE SUR YON"]
[Date "2008.04.21"]
[Round "2.6"]
[White "Aggoune, Audessa"]
[Black "Verwaerde, Jolanthe"]
[Result "1/2-1/2"]
[WhiteElo "1750"]
[BlackElo "1520"]
[Annotator "Salaun,Michel"]
[PlyCount "83"]
[EventDate "2008.04.24"]
[EventType "swiss"]
[EventRounds "6"]
[EventCountry "FRA"]

1. d4 d5 2. c4 e6 3. Nc3 f5 4. Nf3 c6 5. Bf4 Nf6 6. a3 Be7 7. e3 O-O 8. Be2 Bd7
9. O-O Be8 10. Ng5 Qc8 11. Qb3 b6 12. Be5 Ng4 13. Nf3 Nxe5 14. Nxe5 Nd7 15.
cxd5 cxd5 16. Rac1 Nxe5 17. Nxd5 Qd7 18. Nxe7+ Qxe7 19. dxe5 Bd7 20. Rc7 Rfc8
21. Rfc1 Qd8 22. Qc3 a5 23. Ba6 Rxc7 24. Qxc7 Qxc7 25. Rxc7 Rxa6 26. Rxd7 b5
27. Rb7 Rc6 28. f4 Rc1+ 29. Kf2 Rc2+ 30. Kf3 Rxb2 31. Ra7 a4 32. h3 Rb3 33. Rb7
Kf8 34. g4 fxg4+ 35. hxg4 Rxa3 36. Rxb5 Kf7 37. Ra5 Ra1 38. Ra7+ Kg6 39. Ra6
Kf7 40. Ra7+ Kg6 41. Ra6 Kf7 42. Ra7+ 1/2-1/2

[Event "Championnat de France des Jeunes - Benj"]
[Site "LA ROCHE SUR YON"]
[Date "2008.04.21"]
[Round "2.9"]
[White "Finkel, Julie"]
[Black "Guo, Charlotte"]
[Result "0-1"]
[WhiteElo "1510"]
[BlackElo "1700"]
[Annotator "Salaun,Michel"]
[PlyCount "96"]
[EventDate "2008.04.24"]
[EventType "swiss"]
[EventRounds "6"]
[EventCountry "FRA"]

1. e4 e5 2. Nf3 Nc6 3. Bc4 Bc5 4. c3 Nf6 5. d4 exd4 6. cxd4 Bb4+ 7. Nc3 d6 8.
d5 Bxc3+ 9. bxc3 Ne5 10. Nxe5 dxe5 11. Bb5+ Bd7 12. Qa4 a6 13. Bxd7+ Qxd7 14.
Qxd7+ Kxd7 15. f3 c6 16. c4 b5 17. dxc6+ Kxc6 18. cxb5+ axb5 19. Ke2 Rhd8 20.
Bb2 Kd6 21. Rhd1+ Ke6 22. Rxd8 Rxd8 23. Rc1 Nd7 24. Rc6+ Ke7 25. Ba3+ Ke8 26.
Rd6 Ra8 27. Rd3 f6 28. Rb3 Kf7 29. h3 Nf8 30. Bxf8 Rxa2+ 31. Kf1 Kxf8 32. Rxb5
Kf7 33. Kg1 Kg6 34. Kh2 h6 35. h4 Rd2 36. Kh3 h5 37. g4 hxg4+ 38. Kxg4 Rg2+ 39.
Kh3 Rd2 40. Kg4 Rd1 41. Rb8 Rg1+ 42. Kh3 Kf7 43. Rh8 Ke7 44. Rh5 Kd6 45. Rf5
Ke6 46. Rh5 Kf7 47. Kh2 Rg6 48. Rf5 Rh6 0-1

[Event "Championnat de France des Jeunes - Benj"]
[Site "LA ROCHE SUR YON"]
[Date "2008.04.21"]
[Round "2.10"]
[White "Henry, Laura"]
[Black "Gourdelier, Alice"]
[Result "1-0"]
[WhiteElo "1667"]
[BlackElo "1490"]
[Annotator "Salaun,Michel"]
[PlyCount "75"]
[EventDate "2008.04.24"]
[EventType "swiss"]
[EventRounds "6"]
[EventCountry "FRA"]

1. e4 e5 2. Nf3 Nc6 3. Bb5 d6 4. O-O Bd7 5. c3 a6 6. Ba4 Nf6 7. Re1 b5 8. Bc2
Bg4 9. d3 d5 10. Nbd2 Bc5 11. Nb3 Qd6 12. Nxc5 Qxc5 13. d4 Bxf3 14. Qxf3 exd4
15. exd5+ Ne7 16. d6 O-O 17. dxe7 Rfe8 18. Bf4 Rac8 19. Be5 Qxe7 20. cxd4 Rcd8
21. h3 c5 22. Bxf6 Qxf6 23. Qxf6 gxf6 24. dxc5 Rc8 25. Rxe8+ Rxe8 26. b4 Re5
27. Rd1 a5 28. a3 axb4 29. axb4 Re2 30. Bd3 Rb2 31. c6 Rb3 32. Rc1 Ra3 33. c7
Rxd3 34. c8=Q+ Kg7 35. Qg4+ Kh6 36. Rc5 f5 37. Rxf5 Rd5 38. Rf6# 1-0

[Event "Championnat de France des Jeunes - Benj"]
[Site "LA ROCHE SUR YON"]
[Date "2008.04.21"]
[Round "2.8"]
[White "Andre, Severine"]
[Black "Seelen, Amandine"]
[Result "0-1"]
[WhiteElo "1733"]
[BlackElo "1500"]
[Annotator "Salaun,Michel"]
[PlyCount "74"]
[EventDate "2008.04.24"]
[EventType "swiss"]
[EventRounds "6"]
[EventCountry "FRA"]

1. c4 d5 2. cxd5 Qxd5 3. Nc3 Qd8 4. d4 c6 5. Nf3 Nf6 6. g3 Bf5 7. Bg2 e6 8. O-O
Be7 9. Qb3 Qc8 10. Re1 O-O 11. e4 Bg6 12. Bd2 Nbd7 13. d5 Nc5 14. Qc2 cxd5 15.
Nd4 Qd7 16. Be3 Ncxe4 17. Qb3 Nxc3 18. bxc3 Rac8 19. Rac1 Ne4 20. Nf3 Nc5 21.
Ne5 Qc7 22. Bxc5 Bxc5 23. Nxg6 hxg6 24. Qa4 Qb6 25. Rc2 d4 26. cxd4 Bxd4 27.
Rec1 Bxf2+ 28. Kh1 Rxc2 29. Qxc2 Rd8 30. a4 a5 31. Qe2 Qe3 32. Qc2 Rd2 33. Qc8+
Kh7 34. Qc4 Rd4 35. Qc7 Rxa4 36. Bxb7 Rb4 37. Bg2 a4 0-1